Normal view
MARC view
- Trigo, José M.
Entry Nombre Personal
001 - NUMERO DE CONTROL
- campo de control: 51478
003 - IDENTIFICADOR DE NUMERO DE CONTROL
- campo de control: MX-MxUPN
005 - FECHA Y HORA DE LA ÜLTIMA TRANSACCIÓN
- campo de control: 20240409143547.0
008 - DATOS DE LONGITUD FIJA
- campo de control de longitud fija: 240409nn acnnnaabn n aaa d
040 ## - FUENTE DE CATALOGACIÓN
- Agencia original de catalogación: MX-MxUPN
- Lenguaje de catalogación: spa
100 1# - ENCABEZAMIENTO - NOMBRE PERSONAL
- Nombre personal: Trigo, José M.
670 ## - FUENTE EN LA QUE SE LOCALIZARON DATOS
- Cita de la fuente: Moral teórico-práctica y educación para el uso de las escuelas y familias, 1895 :
- Información localizada: portada (José M. Trigo)
902 ## - CATALOGADOR
- Catalogador: VíctorGodínez/090424
